<?xml version="1.0" encoding="UTF-8"?>
<record
    xmlns:xsi="http://www.w3.org/2001/XMLSchema-instance"
    xsi:schemaLocation="http://www.loc.gov/MARC21/slim http://www.loc.gov/standards/marcxml/schema/MARC21slim.xsd"
    xmlns="http://www.loc.gov/MARC21/slim">

  <leader>02381ngm a2200445   4500</leader>
  <controlfield tag="003">dpl</controlfield>
  <controlfield tag="005">20080723110517.0</controlfield>
  <controlfield tag="007">DVD</controlfield>
  <controlfield tag="008">||||||sp199   xxu|||||c|||| 00| 0 eng d</controlfield>
  <datafield tag="010" ind1=" " ind2=" ">
    <subfield code="a">DVD-000504-506  DVD-001614-1616</subfield>
  </datafield>
  <datafield tag="024" ind1=" " ind2=" ">
    <subfield code="a">08638</subfield>
    <subfield code="c">499.00  </subfield>
  </datafield>
  <datafield tag="035" ind1=" " ind2=" ">
    <subfield code="a">DVD-000504-506</subfield>
  </datafield>
  <datafield tag="040" ind1=" " ind2=" ">
    <subfield code="a">DPL</subfield>
    <subfield code="c">DPL</subfield>
  </datafield>
  <datafield tag="082" ind1=" " ind2=" ">
    <subfield code="a">DVD / SPEE</subfield>
  </datafield>
  <datafield tag="245" ind1=" " ind2=" ">
    <subfield code="a">Speed</subfield>
    <subfield code="c">20th Century Fox Presents</subfield>
    <subfield code="h">[videorecording] DVD/</subfield>
  </datafield>
  <datafield tag="260" ind1=" " ind2=" ">
    <subfield code="b">20th Century Fox Homeentertainment</subfield>
  </datafield>
  <datafield tag="300" ind1=" " ind2=" ">
    <subfield code="a">1 videodisc DVD; (116 min.) :</subfield>
    <subfield code="b">sd., col. ;</subfield>
    <subfield code="c">4 3/4 in.</subfield>
    <subfield code="f">DVD</subfield>
  </datafield>
  <datafield tag="440" ind1=" " ind2=" ">
    <subfield code="a">20th Centyry Fox Home Entertainment</subfield>
  </datafield>
  <datafield tag="500" ind1=" " ind2=" ">
    <subfield code="a">Sole Distributor in India M/s. Excel Productions Autio Visuals Pvt. Ltd.</subfield>
  </datafield>
  <datafield tag="500" ind1=" " ind2=" ">
    <subfield code="a">Hang on fora Wild and Crazy Ride</subfield>
  </datafield>
  <datafield tag="500" ind1=" " ind2=" ">
    <subfield code="a">This DVD is Copy Protected</subfield>
  </datafield>
  <datafield tag="538" ind1=" " ind2=" ">
    <subfield code="a">Dolby Digital 5.1-English Subtitles: English, Korean, Mandarin, Thai</subfield>
  </datafield>
  <datafield tag="538" ind1=" " ind2=" ">
    <subfield code="a">Aspect Ratio: 1.85:1, Presentation type: Wide Screne, Presentation Size 16x9,  Format DVD 9 Dual Layer Single Sided Disc.</subfield>
  </datafield>
  <datafield tag="650" ind1=" " ind2=" ">
    <subfield code="a">Mothin Picture</subfield>
  </datafield>
  <datafield tag="700" ind1=" " ind2=" ">
    <subfield code="a">Gorden, Mark</subfield>
  </datafield>
  <datafield tag="700" ind1=" " ind2=" ">
    <subfield code="a">Keanureeves</subfield>
  </datafield>
  <datafield tag="700" ind1=" " ind2=" ">
    <subfield code="a">Dennishopper</subfield>
  </datafield>
  <datafield tag="700" ind1=" " ind2=" ">
    <subfield code="a">Ballock, Sandra</subfield>
  </datafield>
  <datafield tag="700" ind1=" " ind2=" ">
    <subfield code="a">Morton, Joe</subfield>
  </datafield>
  <datafield tag="700" ind1=" " ind2=" ">
    <subfield code="a">Daniels, Jeff</subfield>
  </datafield>
  <datafield tag="700" ind1=" " ind2=" ">
    <subfield code="a">Mancina, Mark</subfield>
  </datafield>
  <datafield tag="942" ind1=" " ind2=" ">
    <subfield code="c">CF</subfield>
    <subfield code="2">ddc</subfield>
    <subfield code="h">DVD</subfield>
    <subfield code="m">SPEE</subfield>
  </datafield>
  <datafield tag="999" ind1=" " ind2=" ">
    <subfield code="c">15638</subfield>
    <subfield code="d">15638</subfield>
  </datafield>
  <datafield tag="952" ind1=" " ind2=" ">
    <subfield code="0">0</subfield>
    <subfield code="1">0</subfield>
    <subfield code="2">ddc</subfield>
    <subfield code="4">0</subfield>
    <subfield code="7">0</subfield>
    <subfield code="a">L</subfield>
    <subfield code="b">L</subfield>
    <subfield code="d">2008-09-24</subfield>
    <subfield code="e">Purchase</subfield>
    <subfield code="g">499.00</subfield>
    <subfield code="l">36</subfield>
    <subfield code="m">2</subfield>
    <subfield code="o">DVD SPEE</subfield>
    <subfield code="p">DVD-000504</subfield>
    <subfield code="r">2013-06-24 00:00:00</subfield>
    <subfield code="s">2013-06-11</subfield>
    <subfield code="t">1</subfield>
    <subfield code="v">499.00</subfield>
    <subfield code="w">2008-09-24</subfield>
    <subfield code="y">CF</subfield>
  </datafield>
  <datafield tag="952" ind1=" " ind2=" ">
    <subfield code="0">0</subfield>
    <subfield code="1">0</subfield>
    <subfield code="2">ddc</subfield>
    <subfield code="4">0</subfield>
    <subfield code="7">0</subfield>
    <subfield code="a">ZLS</subfield>
    <subfield code="b">ZLS</subfield>
    <subfield code="d">2008-09-24</subfield>
    <subfield code="e">Purchase</subfield>
    <subfield code="g">499.00</subfield>
    <subfield code="l">31</subfield>
    <subfield code="o">DVD SPEE</subfield>
    <subfield code="p">DVD-000505</subfield>
    <subfield code="r">2016-07-25 00:00:00</subfield>
    <subfield code="s">2016-07-09</subfield>
    <subfield code="t">1</subfield>
    <subfield code="v">499.00</subfield>
    <subfield code="w">2008-09-24</subfield>
    <subfield code="y">CF</subfield>
  </datafield>
  <datafield tag="952" ind1=" " ind2=" ">
    <subfield code="0">0</subfield>
    <subfield code="1">0</subfield>
    <subfield code="2">ddc</subfield>
    <subfield code="4">0</subfield>
    <subfield code="7">0</subfield>
    <subfield code="a">BL1</subfield>
    <subfield code="b">BL1</subfield>
    <subfield code="d">2008-09-24</subfield>
    <subfield code="e">Purchase</subfield>
    <subfield code="g">499.00</subfield>
    <subfield code="l">18</subfield>
    <subfield code="o">DVD SPEE</subfield>
    <subfield code="p">DVD-000506</subfield>
    <subfield code="r">2016-06-25 00:00:00</subfield>
    <subfield code="s">2016-06-11</subfield>
    <subfield code="t">1</subfield>
    <subfield code="v">499.00</subfield>
    <subfield code="w">2008-09-24</subfield>
    <subfield code="y">CF</subfield>
  </datafield>
  <datafield tag="952" ind1=" " ind2=" ">
    <subfield code="0">0</subfield>
    <subfield code="1">0</subfield>
    <subfield code="2">ddc</subfield>
    <subfield code="4">0</subfield>
    <subfield code="7">0</subfield>
    <subfield code="a">L</subfield>
    <subfield code="b">L</subfield>
    <subfield code="d">2009-02-02</subfield>
    <subfield code="e">Purchase</subfield>
    <subfield code="g">499.00</subfield>
    <subfield code="l">34</subfield>
    <subfield code="m">1</subfield>
    <subfield code="o">DVD SPEE</subfield>
    <subfield code="p">DVD-001614</subfield>
    <subfield code="r">2017-07-11 00:00:00</subfield>
    <subfield code="s">2017-06-30</subfield>
    <subfield code="t">1</subfield>
    <subfield code="v">499.00</subfield>
    <subfield code="w">2009-02-02</subfield>
    <subfield code="y">CF</subfield>
  </datafield>
  <datafield tag="952" ind1=" " ind2=" ">
    <subfield code="0">0</subfield>
    <subfield code="1">0</subfield>
    <subfield code="2">ddc</subfield>
    <subfield code="4">0</subfield>
    <subfield code="7">0</subfield>
    <subfield code="a">ZLS</subfield>
    <subfield code="b">ZLS</subfield>
    <subfield code="d">2009-02-02</subfield>
    <subfield code="e">Purchase</subfield>
    <subfield code="g">499.00</subfield>
    <subfield code="l">25</subfield>
    <subfield code="m">2</subfield>
    <subfield code="o">DVD SPEE</subfield>
    <subfield code="p">DVD-001615</subfield>
    <subfield code="r">2016-07-09 00:00:00</subfield>
    <subfield code="s">2016-06-25</subfield>
    <subfield code="t">1</subfield>
    <subfield code="v">499.00</subfield>
    <subfield code="w">2009-02-02</subfield>
    <subfield code="y">CF</subfield>
  </datafield>
  <datafield tag="952" ind1=" " ind2=" ">
    <subfield code="0">0</subfield>
    <subfield code="1">0</subfield>
    <subfield code="2">ddc</subfield>
    <subfield code="4">0</subfield>
    <subfield code="7">0</subfield>
    <subfield code="a">BL1</subfield>
    <subfield code="b">BL1</subfield>
    <subfield code="d">2009-02-02</subfield>
    <subfield code="e">Purchase</subfield>
    <subfield code="g">499.00</subfield>
    <subfield code="l">16</subfield>
    <subfield code="o">DVD SPEE</subfield>
    <subfield code="p">DVD-001616</subfield>
    <subfield code="r">2013-08-13 00:00:00</subfield>
    <subfield code="s">2013-08-10</subfield>
    <subfield code="t">1</subfield>
    <subfield code="v">499.00</subfield>
    <subfield code="w">2009-02-02</subfield>
    <subfield code="y">CF</subfield>
  </datafield>
</record>
